Top 100 Biggest Cities in the U.S. - Statistics

General Stats
  • This quiz has been taken 69 times
  • The average score is 68 of 100
Answer Stats
Hint Answer % Correct
3 Chicago
98%
4 Houston
98%
2 Los Angeles
98%
1 New York
98%
9 Dallas
96%
25 Portland
96%
8 San Diego
96%
18 Seattle
96%
19 Denver
93%
26 Las Vegas
93%
44 Miami
93%
67 Orlando
93%
7 San Antonio
93%
17 San Francisco
93%
11 Austin
91%
24 Boston
91%
27 Detroit
91%
46 Minneapolis
91%
6 Philadelphia
91%
5 Phoenix
91%
20 Washington
91%
12 Jacksonville
89%
21 Nashville
89%
35 Sacramento
89%
38 Atlanta
87%
54 Cleveland
87%
15 Indianapolis
87%
53 New Orleans
87%
30 Baltimore
84%
36 Kansas City
84%
28 Memphis
84%
22 Oklahoma City
84%
68 Pittsburgh
84%
65 Cincinnati
82%
10 San Jose
82%
69 St. Louis
82%
76 Buffalo
80%
14 Columbus
80%
23 El Paso
80%
41 Raleigh
80%
52 Tampa
80%
32 Albuquerque
78%
16 Charlotte
78%
29 Louisville
78%
31 MIlwaukee
78%
55 Honolulu
76%
39 Omaha
76%
33 Tucson
76%
13 Fort Worth
73%
45 Oakland
73%
100 Richmond
73%
43 Virginia Beach
73%
34 Fresno
71%
73 Lincoln
71%
47 Tulsa
71%
99 Baton Rouge
69%
80 Madison
69%
49 Wichita
69%
63 Saint Paul
67%
40 Colorado Springs
64%
59 Corpus Christi
64%
37 Mesa
64%
95 Boise
62%
89 Winston-Salem
62%
42 Long Beach
60%
79 Toledo
60%
72 Anchorage
58%
62 Newark
58%
82 Reno
58%
50 Arlington
56%
85 St. Petersburg
56%
57 Lexington
53%
48 Bakersfield
51%
61 Riverside
51%
56 Anaheim
49%
75 Durham
49%
97 Spokane
49%
83 Fort Wayne
47%
70 Greensboro
47%
71 Jersey City
47%
94 Norfolk
47%
51 Aurora
44%
64 Santa Ana
44%
58 Stockton
44%
60 Henderson
42%
78 Chula Vista
40%
86 Lubbock
40%
84 North Las Vegas
40%
74 Plano
40%
93 Scottsdale
38%
66 Irvine
36%
87 Irving
36%
77 Chandler
33%
91 Glendale
33%
90 Chesapeake
31%
88 Laredo
27%
96 Fremont
24%
81 Gilbert
24%
98 Santa Clarita
24%
92 Garland
22%
No matching quizzes found
Score Distribution
Percent of People with Each Score
Percentile by Number Answered
Your Score History
You have not taken this quiz